| 000 | 00000nas 2200000za 4500 |
| 001 | 9.500727 |
| 003 | CaOODSP |
| 005 | 20241030100912 |
| 007 | cr ||||||||||| |
| 008 | 150406c20129999picar p o f0 a0eng|d |
| 040 | |aCaOODSP|beng |
| 041 | |aeng|afre |
| 043 | |an-cn--- |
| 086 | 1 |aV41-1-PDF |
| 245 | 00|aTake time to remember |h[electronic resource] = |bPrendre le temps de se souvenir. |
| 246 | 11|aPrendre le temps de se souvenir |
| 260 | |a[Charlottetown] : |bVeterans Affairs Canada, |c[2012]- |
| 310 | |aAnnual |
| 362 | 1 |aBegan with 2012. |
| 520 | 3 |aA vibrant activity book containing colouring pages, connect the dots, word searches, and other learning activities to help promote a message of remembrance. |
| 546 | |aText in English and in French. |
| 692 | 07|2gccst|aVeterans |
| 692 | 07|2gccst|aEducational resources |
| 692 | 07|2gccst|aChildren |
| 710 | 1 |aCanada. |bVeterans Affairs Canada. |
| 776 | 0#|tPrendre le temps de se souvenir |w(CaOODSP)9.512425 |
| 792 | |tTake time to remember |efre|w(CaOODSP)9.500728 |